| 000 | 00341 a2200133 4500 | ||
|---|---|---|---|
| 040 |
_aDLC _bDLC |
||
| 082 | _a297.63 | ||
| 100 | _aAEP | ||
| 245 |
_aNishaan-e-Manzil Intikhaab: Jehad Fe-Sabilillah _cAEP |
||
| 260 |
_aRawalpindi: _bArmy Education Press. |
||
| 300 |
_a287 p. ; _c24 cm. |
||
| 500 | _aIncludes Index | ||
| 942 |
_cBK _k297.63 AEP _2ddc |
||
| 999 |
_c7796 _d7796 |
||